00475pab a2200169 454500008004000000100002200040245009300062260000900155300001400164362001200178650001600190650001500206650001500221700001900236700002300255773002700278180718b2015 xxu||||| |||| 00| 0 eng d aParida, Jajati K. aRemittances, household expenditure and investment in rural India: evidence from NSS data c2015 ap.79-104. aJan-Jun aExpenditure aInvestment aHouseholds aRaman, K. Ravi aMohanty, Sanjay K. aIndian Economic Review